header

A new companion to the Gothic (Record no. 71631)

MARC details
000 -LEADER
fixed length control field 01837nam a2200397 a 4500
082 04 - DEWEY DECIMAL CLASSIFICATION NUMBER
Classification number 823/.0872909
245 02 - TITLE STATEMENT
Title A new companion to the Gothic
260 ## - PUBLICATION, DISTRIBUTION, ETC. (IMPRINT)
Place of publication Malden, Mass. :
Name of publisher Wiley-Blackwell,
Year of publication 2012.
300 ## - PHYSICAL DESCRIPTION
Number of Pages xvi, 549 p. :
Other physical details ill.
505 0# - FORMATTED CONTENTS NOTE
Formatted contents note pt. 1. Gothic backgrounds -- pt. 2. The original Gothic -- pt. 3. Nineteenth- and twentieth-century transformations -- pt. 4. Gothic theory and genre -- pt. 5. The globalization of Gothic -- pt. 6. The continuing debate.
650 #0 - SUBJECT ADDED ENTRY--TOPICAL TERM
Topical Term Horror tales, English
Topical Term Gothic revival (Literature)
Topical Term Psychoanalysis and literature
Topical Term Horror tales, American
Topical Term Psychological fiction
Topical Term Ghost stories
700 1# - ADDED ENTRY--PERSONAL NAME
Personal name Punter, David.
856 40 - ELECTRONIC LOCATION AND ACCESS
Uniform Resource Identifier http://site.ebrary.com/lib/rucke/Doc?id=10630600

No items available.

© 2026 Rongo University
Contact us: librarian | system librarian | Rongo university